| 000 | 00606nam a2200193Ia 4500 | ||
|---|---|---|---|
| 003 | OSt | ||
| 005 | 20201112102857.0 | ||
| 008 | 190216s9999||||xx |||||||||||||| ||und|| | ||
| 020 | _a9788177481426 | ||
| 040 | _coclc | ||
| 082 |
_a428 _bNAI/R |
||
| 100 |
_aNair, P Bhaskaran _96505 |
||
| 245 | 0 |
_aReading For Re-Creating : _bA Foundation Course In Reading And Academic Writing / _cP Bhaskaran Nair |
|
| 250 | _a1st Ed. | ||
| 260 |
_bCalicut University Publications, _c2009. _aCalicut University: |
||
| 300 | _a95p | ||
| 650 | _aEnglish | ||
| 942 |
_cBK _2ddc _h428 _iNAI/R _k428 _mNAI/R |
||
| 999 |
_c14990 _d14990 |
||